Théorie musique - culture générale 1 - Statistiques

Statistiques générales
  • Ce quiz a été pris 37 fois
    36 depuis la dernière actualisation
  • Le résultat moyen est 4 sur 10
Statistiques - réponses
Hint Réponse % Correct
Combien existe-t-il de clef de fa 2
72%
Combien existe-t-il de clef d'ut 4
72%
Quelle est la tonaité majeure si un bémol est à la clef Fa Majeur
72%
Quelle est la tonalité mineure relative si 3 dièses sont à la clef Fa dièse mineur
48%
Dans le tempérament pythagoricien à combien de commas pythagoriciens équivaut 1 ton 9
41%
Quel est le premier renversement d'un accord parfait 6
31%
Cadence musicale dans laquelle un morceau en tonalité mineure se termine sur un accord majeur. (Tierce ...) Picarde
17%
Nom de la cadence correspondant à la progression harmonique qui se termine sur l'accord de la tonique (I) après l'accord de la sous-dominante (IV) Plagale
17%
Quel est le troisième renversement d'un accord septième +4
14%
Quel est l'accord ouvert d'un ukulele Do Majeur 6
7%
Aucun quiz correspondant
Distribution des résultats
% des personnes avec chaque résultat
Percentile par nombre de réponses
Votre historique - résultats
Vous n’avez pas pris ce quiz depuis la dernière actualisation